000 01098cam a2200229 4500
001 X113644
008 010712n2001 000 0 eng u
035 _a(Sirsi) u113644
100 _aSkulmoski, G.
245 _aProject maturity and competence interface
260 _c2001
490 _aCost Engineering
_v43(6) June 2001, 11-18(8)
520 _aResponds to recommendation of the adoption of various organisational project management maturity models for international certification of project competence by suggesting that the models are flawed and fail to recognise the importance of cost engineering principals. Proposes as an alternative a competency and maturity framework which is applied to human resource management in projects to demonstrate the relationship between the two concepts. Tables, diagrams, references.
650 _aCERTIFICATION
650 _aCOMPETENCE
650 _aCOST ENGINEERING
650 _aHUMAN RESOURCES
650 _aPERSONNEL MANAGEMENT
650 _aPROJECT MATURITY AND COMPETENCE INTERFACE
690 _aProject management
_96261
942 _n0
999 _c67719
_d67719